000 00534nam a22001697a 4500
005 20231128072026.0
008 231128b |||||||| |||| 00| 0 eng d
020 _a0702131644 ; 0702130710
041 _aEnglish
082 _a341 DUG
100 _aDugard, J
_lEnglish
245 _aInternational Law a South African Perspective /
_cJ Dugard
260 _aCape Town :
_bJuta and Company Ltd,
_c1994
300 _bxxxviii, 372 pages ;
_c26 cm.
650 _aLegal practice
_bLaw
942 _cBK
_6ALISON_BN_VRIES
999 _c987
_d987